| 000 | 00618nam a2200193 a 4500 | ||
|---|---|---|---|
| 001 | 3061 | ||
| 005 | 20140414131923.0 | ||
| 008 | 060131s19uu xx 00 eng d | ||
| 020 | _a 0-03-018091-0 | ||
| 050 |
_aER _bV58 1977 |
||
| 100 | _aHefter, Richard | ||
| 245 |
_aVery worried walrus / _cwritten and illustrated by Ricahrd Hefter. |
||
| 260 |
_aNew York : _bHolt, Rinehar and Winston, _c1977. |
||
| 300 | _a1 v. p. : ill. ; cm. | ||
| 440 | _aSweet pickles | ||
| 520 | _aWalrus would like to ride a bicycle but worries about all that could happen if he fell. | ||
| 650 |
_aWalrus _xFiction. |
||
| 999 |
_c111839 _d111839 |
||